000 01457cam a22003494a 4500
001 14213292
003 ARRUPE
005 20150914115616.0
008 051229s2006 ohua b s001 0 eng
010 _a 2005037873
015 _aGBA645131
_2bnb
016 7 _a013459976
_2Uk
020 _a0821416766 (alk. paper)
020 _a9780821416761
035 _a(OCoLC)ocm62878371
040 _aDLC
_cDLC
_dBAKER
_dC#P
_dUKM
_dYUS
_dCOO
_dDLC
042 _apcc
050 0 0 _aB829.5
_b.R67 2006
082 0 0 _a142/.7
_222
100 1 _aRosen, Steven M.
_915859
245 1 0 _aTopologies of the flesh :
_ba multidimensional exploration of the lifeworld /
_cSteven M. Rosen.
260 _aAthens :
_bOhio University Press,
_cc2006.
300 _axix, 335 p. :
_bill. ;
_c24 cm.
440 0 _aSeries in Continental thought ;
_v33
_919798
504 _aIncludes bibliographical references (p. [315]-322) and index.
505 0 _aIntroduction to topological phenomenology -- The topology of the flesh -- Introduction to the lower dimensions -- Dimensional ontogeny -- Co-evolving lifeworlds -- Distilling the lower dimensions -- Co-evolving lifeworlds fleshed out -- Dimensional self-signification.
650 0 _aPhenomenology.
_919799
650 0 _aTopology.
_913787
906 _a7
_bcbc
_corignew
_d1
_eecip
_f20
_gy-gencatlg
942 _2lcc
_cMONOGRAPH
999 _c123393
_d123393